Φουεντεοβεχούνα = Προβατοπηγή
Saved in:
| Main Author: | |
|---|---|
| Other Authors: | |
| Format: | Book |
| Language: | Greek Spanish |
| Published: |
Αθήνα :
Δωδώνη,
[χ.χ.]
|
| Series: | Παγκόσμιο θέατρο (Δωδώνη) ;
44 |
| Subjects: | |
| Tags: |
Add Tag
No Tags, Be the first to tag this record!
|
MARC
| LEADER | 00000cam a2200000 i 4500 | ||
|---|---|---|---|
| 001 | 1/23439 | ||
| 008 | 980519q1977 gr | ||| |||| ||gre|| | ||
| 020 | |a 9602481404 | ||
| 035 | |l 10036845 | ||
| 040 | |a GR-MyUa |b gre |e AACR2 | ||
| 041 | 1 | |a gre |h spa | |
| 082 | 7 | |a 862.3 |2 (22) | |
| 100 | 1 | |a Vega, Lope de, |d 1562-1635. | |
| 245 | 1 | 0 | |a Φουεντεοβεχούνα = |b Προβατοπηγή / |c Λόπε Ντε Βέγα ; μετάφραση Καίτη Κάστρο. |
| 246 | 2 | 1 | |a Προβατοπηγή. |
| 260 | |a Αθήνα : |b Δωδώνη, |c [χ.χ.] | ||
| 300 | |a 103 σ. ; |c 21 εκ. | ||
| 490 | 1 | |a (Παγκόσμιο θέατρο / Δωδώνη ; |v 44) | |
| 651 | 0 | |a Fuenteovejuna (Spain) |x History |x Drama. | |
| 700 | 1 | |a Κάστρο, Καίτη, |e trlf | |
| 765 | 0 | 8 | |i Μετάφραση του: |t Fuenteovejuna / |
| 830 | 0 | |a Παγκόσμιο θέατρο (Δωδώνη) ; |v 44 | |
| 852 | |a INST |b RHODES |e 19980519 |h 862.3 VEG |p 005400006371 |q 005400006371 |t BK |y 0 | ||
| 901 | |a BIBL-1998-2 | ||
| 970 | |z 19/05/1998 | ||
| 922 | |a 4ΕΛΗ |b 199802 |c ΚΠΣ/Ν |d EMVASIS | ||